Vista normal Vista MARC

Entrada Personal Name

Número de registros utilizados en: 1

001 - CONTROL NUMBER

  • control field: 36946

003 - CONTROL NUMBER IDENTIFIER

  • control field: OSt

005 - DATE AND TIME OF LATEST TRANSACTION

  • control field: 20210417225155.0

008 - FIXED-LENGTH DATA ELEMENTS

  • fixed length control field: 210417|| aca||aabn | a|a d

040 ## - CATALOGING SOURCE

  • Original cataloging agency: OSt
  • Transcribing agency: OSt

100 ## - HEADING--PERSONAL NAME

  • Personal name: Niño Ramírez, Ana Clovis

670 ## - SOURCE DATA FOUND

  • Source citation: Work cat.: (OSt)7612: Zarta Avila, Plinio, 14938 autor, Renta, ventas, timbre : , 1993